| 000 | 00830nam a2200217Ii 4500 | ||
|---|---|---|---|
| 003 | JO-AjNU | ||
| 008 | 230605s9999||||xx |||||||||||||| ||und|| | ||
| 017 | _a2004/8346 | ||
| 020 | _a977-241-570-4 | ||
| 040 |
_aJO-AjNU _bara _erda _cJO-AjNU |
||
| 041 | _aara | ||
| 050 | 1 | 4 | _aDP101.J3252 2004 |
| 100 | 3 |
_aتاليف الجبالي، خالد حسن حمد, _eauthor _961456 |
|
| 245 | 0 | 0 | _aالزواج المختلط بين المسلمين والاسبان من الفتح الاسلامي للاندلس وحتى سقوط الخلافة (93-422هـ) |
| 264 | 3 | 1 | _aالقاهرة: مكتبة الاداب، 2004 |
| 300 | _a229ص | ||
| 336 |
_atext _btxt _2rdacontent |
||
| 337 |
_aunmediated _bn _2rdamedia |
||
| 338 |
_avolume _bnc _2rdacarrier |
||
| 650 | 4 |
_aالاسلام-الاسبان-الزواج- تاريخ _961457 |
|
| 999 |
_aA27780 _c31348 _d31348 |
||